KDC IV - The Destruction of the Spaghetti Pot Quiz Stats

Quiz not verified by Sporcle

Challenge
Share
Tweet
Embed
Score 0/20 Timer 06:00
0 Plays Today
Hint Answer % Correct
T- Mulks lost his V-card to? (both names req)jess lane
100%
Tammy's Mum is a ____?Paki
50%
What was Alex always the victim of?your mockery
50%
What was the original Cook-Up meal?spring rolls
50%
Who woke up to getting their dick sucked? (first and last name req)ashley celiker
50%
Where did we first learn about Kelly's 'Whiffy No. 6'?mat room
50%
Who was the black guy in that movie?cuba gooding jnr
50%
Favourite Halo 2 Map that got smashed repeatedly back in the day?epitaph
50%
How big was Jaqui's titties in Year 9? (format 10A)32B
25%
Favourite breakfast of the Cohen's?bagels
25%
Hint Answer % Correct
How much did chicken wings cost in Year 8?10 c
25%
How would you easiest describe Jarryd's spews at Mulks first party?pink
25%
Who did Criddle force himself to wank over? (full name req)jess parsons
25%
Which movie did Brock try and finger Morgan at?johnny english
25%
Real name of the 'Big One Inch'? (both names req)joe bruhn
25%
How often would Mr Smith lie to us in Science class (in %, using full english)?eighty
0%
Which Bitch slapped Jarryd at a Year 9 party? First name onlyelani krasenstein
0%
The Conduit Twins names? (separated by a space, any order)matt luke
0%
Who copped the honey and weetbix treatment? (full name req)jenna hollett
0%
Who infamously got raped by Delvine (allegedly) at a party in high school? (first name only)tai
0%

You're not logged in!

Compare scores with friends on all Sporcle quizzes.
Sign Up with Email
OR
Log In

You Might Also Like...

Show Comments

Extras

Top Quizzes Today


Score Distribution

Your Account Isn't Verified!

In order to create a playlist on Sporcle, you need to verify the email address you used during registration. Go to your Sporcle Settings to finish the process.